| 000 | 00828nam a2200253 a 4500 | ||
|---|---|---|---|
| 001 | 55945 | ||
| 003 | BD-RjUL | ||
| 005 | 20211209080332.0 | ||
| 008 | 161123s1989 caua b 001 0 eng | ||
| 035 | _a(BD-RjUL)56069 | ||
| 040 |
_aDLC _cDLC _dDLC _beng |
||
| 041 | _aeng | ||
| 082 | 0 | 0 |
_223 _a821.7 _bLIW 1989 |
| 100 | 1 |
_aLiu, Alan, _d1953- _9166529 |
|
| 245 | 1 | 0 |
_aWordsworth, the sense of history / _cAlan Liu. |
| 260 |
_aStanford, Calif. : _bStanford University Press, _cc1989. |
||
| 300 |
_axvi, 726 p. : _bill. ; _c27 cm. |
||
| 500 | _aIncludes index. | ||
| 504 | _aBibliography: p. [645]-675. | ||
| 600 | 1 | 0 |
_aWordsworth, William, _d1770-1850 _xKnowledge _xHistory. _9166530 |
| 650 | 0 |
_aLiterature and history _zGreat Britain _xHistory _y19th century. _9166531 |
|
| 650 | 0 |
_aHistory in literature. _9166532 |
|
| 942 |
_2ddc _cBK |
||
| 999 |
_c55945 _d55945 |
||